Which Country is this Landmark From?? - Statistics

General Stats
  • This quiz has been taken 32 times
  • The average score is 8 of 10
Answer Stats
Hint Answer % Correct
Burj Khalifa United Arab Emirates
96%
Christ the Redeemer Brazil
93%
The Acropolis Greece
93%
Machu Picchu Peru
93%
Stonehedge UK
89%
The Golden Gate Bridge USA
89%
Easter Island Chile
81%
Petra Jordan
78%
Blue Mosque Turkey
67%
Victoria Falls Zimbabwe
59%
No matching quizzes found
Score Distribution
Percent of People with Each Score
Percentile by Number Answered
Your Score History
You have not taken this quiz